00295 a2200109 450000500170000002000220001708200120003911100080005124500320005926000560009130000380014720250708152432.0 a978-9976-78-076-5 a658 NBA aNBA aPublic Finance and Taxation aDar es salaambTanzania Printing Services Ltdc2000 a458p.bInclude illustrationc24cm